[Event "Bad Woerishofen op 30th"]
[Site "Bad Woerishofen"]
[Date "2014.03.22"]
[Round "3"]
[White "Muehlbach, Peter"]
[Black "Urban, Rudolf"]
[Result "1-0"]
[WhiteElo "2061"]
[BlackElo "1903"]
[PlyCount "55"]
[EventDate "2014.03.21"]
[EventType "swiss"]
[EventRounds "9"]
[EventCountry "GER"]
[SourceTitle "CBM 159 Extra"]
[Source "ChessBase"]
[SourceDate "2014.04.24"]
[SourceVersion "1"]
[SourceVersionDate "2014.04.24"]
[SourceQuality "1"]

1. Nf3 d5 2. c4 e6 3. b3 Nf6 4. Bb2 b6 5. e3 Bb7 6. Be2 Nbd7 7. 0-0 Bd6 8. d4 0-0 9. Nbd2 Ne4 10. Qc2 f5 11. Ne5 Bxe5 12. dxe5 c5 13. f4 g5 14. Nxe4 fxe4 15. Bg4 Qe7 16. fxg5 Rae8 17. h4 h6 18. Bh5 Rd8 19. Rf6 Nxf6 20. exf6 Qd6 21. f7+ Rxf7 22. Bxf7+ Kxf7 23. Qf2+ Ke8 24. Rf1 Kd7 25. gxh6 e5 26. Qf7+ Kc8 27. Rf6 Qd7 28. Qxd7+ 1-0

[Event "Bad Woerishofen op 29th"]
[Site "Bad Woerishofen"]
[Date "2013.03.07"]
[Round "7"]
[White "Kannenberg, Karl Heinz"]
[Black "Muehlbach, Peter"]
[Result "1-0"]
[WhiteElo "2200"]
[BlackElo "2089"]
[PlyCount "45"]
[EventDate "2013.03.01"]
[EventType "swiss"]
[EventRounds "9"]
[EventCountry "GER"]
[SourceTitle "CBM 153 Extra"]
[Source "ChessBase"]
[SourceDate "2013.04.22"]
[SourceVersion "1"]
[SourceVersionDate "2013.04.22"]
[SourceQuality "1"]

1. d4 f5 2. Nf3 Nf6 3. c4 g6 4. e3 Bg7 5. Be2 d6 6. 0-0 0-0 7. Nc3 c6 8. b4 Qc7 9. a4 e5 10. Ba3 e4 11. Nd2 Be6 12. Rc1 Qe7 13. d5 Bf7 14. dxc6 bxc6 15. Nb3 Nbd7 16. Na5 Ne5 17. b5 c5 18. Nd5 Bxd5 19. cxd5 Qf7 20. Nc6 Nfd7 21. a5 f4 22. Bg4 f3 23. Be6 1-0

[Event "Bad Woerishofen op 28th"]
[Site "Bad Woerishofen"]
[Date "2012.03.08"]
[Round "7"]
[White "Muehlbach, Peter"]
[Black "Malzer, Werner"]
[Result "1/2-1/2"]
[WhiteElo "2124"]
[BlackElo "1933"]
[PlyCount "38"]
[EventDate "2012.03.02"]
[EventType "swiss"]
[EventRounds "9"]
[EventCountry "GER"]
[SourceTitle "EXT 2019"]
[Source "ChessBase"]
[SourceDate "2018.10.10"]
[SourceVersion "1"]
[SourceVersionDate "2018.10.10"]
[SourceQuality "1"]

1. Nf3 e6 2. d4 d5 3. c4 Nf6 4. Nc3 Be7 5. Bg5 c6 6. e3 b6 7. Bd3 0-0 8. Qc2 h6 9. Bh4 Na6 10. a3 Bb7 11. cxd5 Nxd5 12. Bxe7 Qxe7 13. Nxd5 cxd5 14. Qe2 Nc7 15. 0-0 Ne8 16. Rac1 Nd6 17. Ne5 Rac8 18. Rc2 Rxc2 19. Qxc2 Rc8 1/2-1/2

[Event "Bad Woerishofen op 28th"]
[Site "Bad Woerishofen"]
[Date "2012.03.04"]
[Round "3"]
[White "Muehlbach, Peter"]
[Black "Pohlers, Juergen"]
[Result "1/2-1/2"]
[WhiteElo "2124"]
[BlackElo "1991"]
[PlyCount "76"]
[EventDate "2012.03.02"]
[EventType "swiss"]
[EventRounds "9"]
[EventCountry "GER"]
[SourceTitle "EXT 2019"]
[Source "ChessBase"]
[SourceDate "2018.10.10"]
[SourceVersion "1"]
[SourceVersionDate "2018.10.10"]
[SourceQuality "1"]

1. Nf3 d5 2. d4 Nf6 3. c4 c6 4. e3 Bg4 5. Nbd2 e6 6. Qb3 Qb6 7. Bd3 Nbd7 8. 0-0 Be7 9. Re1 0-0 10. h3 Bh5 11. Qxb6 axb6 12. g4 Bg6 13. Bxg6 hxg6 14. a3 Ra6 15. e4 dxc4 16. g5 Nh7 17. Nxc4 b5 18. Nce5 Nxe5 19. dxe5 Rd8 20. Be3 Nf8 21. Red1 Ra4 22. Rxd8 Bxd8 23. Rd1 Be7 24. Rd4 c5 25. Rxa4 bxa4 26. Nd2 Nd7 27. f4 b5 28. Kf1 Kf8 29. Ke2 Ke8 30. Kd3 Kd8 31. h4 Kc7 32. Nf1 Kc6 33. Bd2 b4 34. Ne3 Nb6 35. Nc4 Kb5 36. Nxb6 Kxb6 37. Kc4 b3 38. Be3 Kc6 1/2-1/2

[Event "Bayern-chI Bank Hofmann 5th"]
[Site "Bad Wiessee"]
[Date "2001.11.03"]
[Round "8"]
[White "Tolhuizen, Ludo"]
[Black "Muehlbach, Peter"]
[Result "1-0"]
[WhiteElo "2210"]
[BlackElo "2110"]
[PlyCount "113"]
[EventDate "2001.10.27"]
[EventType "swiss"]
[EventRounds "9"]
[EventCountry "GER"]
[SourceTitle "EXT 2003"]
[Source "ChessBase"]
[SourceDate "2002.11.25"]
[SourceVersion "1"]
[SourceVersionDate "2002.11.25"]
[SourceQuality "1"]

1. e4 e5 2. Nf3 Nc6 3. Bc4 Nf6 4. d4 exd4 5. e5 d5 6. Bb5 Ne4 7. Nxd4 Bd7 8. Bxc6 bxc6 9. 0-0 Bc5 10. Be3 0-0 11. f3 Ng5 12. f4 Ne4 13. Nd2 Bxd4 14. Bxd4 Nxd2 15. Qxd2 Bf5 16. Rae1 Qd7 17. Rf3 Rfe8 18. h3 h5 19. Rg3 Re6 20. Ree3 Rb8 21. Rg5 Rg6 22. Rxg6 Bxg6 23. b3 Qc8 24. Qe2 Qf5 25. Rc3 Qxf4 26. Qf2 Qxf2+ 27. Bxf2 Be4 28. Rxc6 Rb7 29. Bd4 Kf8 30. c3 Ke8 31. Ra6 Kd7 32. Bxa7 g6 33. Bd4 c6 34. b4 Bd3 35. Ra8 Bb1 36. a4 Rc7 37. Bb6 Rc8 38. Ra7+ Ke6 39. Bd4 Rf8 40. Rc7 Ra8 41. Rxc6+ Kd7 42. Rf6 Rxa4 43. Rxf7+ Ke8 44. Rg7 Bd3 45. Bc5 Ra6 46. Bd6 Be4 47. g4 hxg4 48. hxg4 Rc6 49. Bc5 Bf3 50. g5 Be4 51. Kf2 Kd8 52. Ke3 Kc8 53. Kd4 Bg2 54. b5 Rc7 55. Rxc7+ Kxc7 56. e6 Bf1 57. b6+ 1-0

[Event "Bayern-chI Bank Hofmann 5th"]
[Site "Bad Wiessee"]
[Date "2001.11.01"]
[Round "6"]
[White "Muehlbach, Peter"]
[Black "Nagel, Bernhard"]
[Result "0-1"]
[WhiteElo "2110"]
[BlackElo "2237"]
[PlyCount "94"]
[EventDate "2001.10.27"]
[EventType "swiss"]
[EventRounds "9"]
[EventCountry "GER"]
[SourceTitle "EXT 2003"]
[Source "ChessBase"]
[SourceDate "2002.11.25"]
[SourceVersion "1"]
[SourceVersionDate "2002.11.25"]
[SourceQuality "1"]

1. d4 Nf6 2. Nf3 d5 3. c4 e6 4. Nc3 c6 5. cxd5 exd5 6. Bg5 Be7 7. e3 Bf5 8. Bd3 Bxd3 9. Qxd3 0-0 10. 0-0 Nbd7 11. a3 a5 12. Rac1 Ne4 13. Bf4 Nd6 14. Rc2 Nf6 15. h3 Nfe4 16. Bxd6 Nxd6 17. Na4 Ne4 18. Rfc1 Bd6 19. Qb3 Qe7 20. Nc5 Bxc5 21. dxc5 Rfe8 22. Qa4 h5 23. Qd4 Ra6 24. b3 g6 25. Rb1 Rc8 26. Qe5 Qd7 27. Qd4 Re8 28. Rcb2 Qf5 29. b4 axb4 30. Qxb4 Re7 31. a4 g5 32. Nd4 Qc8 33. f3 Ng3 34. Qe1 h4 35. a5 Qa8 36. Ra1 Qe8 37. Ra3 f5 38. Rbb3 Qf7 39. Qd2 Qf6 40. Rb1 f4 41. Re1 Ra8 42. Rb3 Rae8 43. Nc2 Qg7 44. Kf2 Qf6 45. Qd4 Qf7 46. Qd3 fxe3+ 47. Rxe3 Ne4+ 0-1

[Event "BL2-Sued 0001"]
[Site "Germany"]
[Date "2001.04.01"]
[Round "8.8"]
[White "Muehlbach, Peter"]
[Black "Lorscheid, Gerhard"]
[Result "0-1"]
[WhiteElo "2141"]
[BlackElo "2306"]
[PlyCount "60"]
[EventDate "2000.10.15"]
[EventType "team-tourn"]
[EventRounds "9"]
[EventCountry "GER"]
[SourceTitle "CBM 082 Extra"]
[Source "ChessBase"]
[SourceDate "2001.07.03"]
[SourceVersion "1"]
[SourceVersionDate "2001.07.03"]
[SourceQuality "1"]
[WhiteTeam "Kirchheim"]
[BlackTeam "Stuttgart"]
[WhiteTeamCountry "GER"]
[BlackTeamCountry "GER"]

1. c4 g6 2. g3 Bg7 3. Bg2 d6 4. Nc3 e5 5. e4 Nc6 6. Nge2 f5 7. d3 Nf6 8. Rb1 a5 9. a3 0-0 10. b4 axb4 11. axb4 f4 12. gxf4 Nh5 13. f5 gxf5 14. Bf3 Qh4 15. Bxh5 Qxh5 16. Ng3 Qxd1+ 17. Kxd1 fxe4 18. Ngxe4 Nd4 19. Rg1 Bf5 20. Rg3 Bg6 21. b5 b6 22. Bg5 Kh8 23. Be3 Nf5 24. Rh3 Nxe3+ 25. Rxe3 Rf4 26. Nd5 Rf7 27. Ke1 Bh6 28. Rh3 Kg7 29. Rb2 Ra3 30. Ke2 Bxe4 0-1

[Event "BL2-Sued 0001"]
[Site "Germany"]
[Date "2001.03.11"]
[Round "7.8"]
[White "Loehr, Markus"]
[Black "Muehlbach, Peter"]
[Result "1-0"]
[WhiteElo "2210"]
[BlackElo "2141"]
[PlyCount "87"]
[EventDate "2000.10.15"]
[EventType "team-tourn"]
[EventRounds "9"]
[EventCountry "GER"]
[SourceTitle "CBM 082 Extra"]
[Source "ChessBase"]
[SourceDate "2001.07.03"]
[SourceVersion "1"]
[SourceVersionDate "2001.07.03"]
[SourceQuality "1"]
[WhiteTeam "Schmiden Cannstatt"]
[BlackTeam "Kirchheim"]
[WhiteTeamCountry "GER"]
[BlackTeamCountry "GER"]

1. d4 Nf6 2. c4 g6 3. Nc3 d5 4. Nf3 Bg7 5. cxd5 Nxd5 6. e4 Nxc3 7. bxc3 c5 8. Be3 0-0 9. Qd2 Qa5 10. Rc1 Rd8 11. d5 Nc6 12. Be2 Bg4 13. 0-0 Bxf3 14. Bxf3 Ne5 15. Be2 Qa4 16. c4 b6 17. Qc2 Qa3 18. Qb3 Qxb3 19. axb3 Nd7 20. f4 a5 21. e5 Nb8 22. Bf3 Ra7 23. Rcd1 f6 24. e6 f5 25. g4 Na6 26. gxf5 gxf5 27. Rf2 Nc7 28. Rg2 Ne8 29. Kh1 Kh8 30. Rdg1 a4 31. bxa4 Rxa4 32. Bh5 Ra1 33. Rxg7 Nxg7 34. Rxa1 Nxh5 35. Ra7 Re8 36. Rb7 Nf6 37. Rxb6 Ne4 38. Rc6 Ra8 39. Bxc5 Ra1+ 40. Kg2 Ra2+ 41. Kf1 Nxc5 42. Rxc5 Kg7 43. Rc7 Rxh2 44. d6 1-0

[Event "Bad Woerishofen op 17th"]
[Site "Bad Woerishofen"]
[Date "2001.??.??"]
[Round "4"]
[White "Marotzke, Stefan"]
[Black "Muehlbach, Peter"]
[Result "1/2-1/2"]
[WhiteElo "1760"]
[BlackElo "2131"]
[PlyCount "51"]
[EventDate "2001.03.15"]
[EventType "swiss"]
[EventRounds "9"]
[EventCountry "GER"]
[SourceTitle "CBM 081 Extra"]
[Source "ChessBase"]
[SourceDate "2001.05.06"]
[SourceVersion "1"]
[SourceVersionDate "2001.05.06"]
[SourceQuality "1"]

1. d4 d5 2. Nf3 Nf6 3. Bf4 c6 4. c3 Bf5 5. h3 e6 6. e3 h6 7. Bd3 Bxd3 8. Qxd3 Qb6 9. Qc2 c5 10. 0-0 Nc6 11. Nbd2 Rc8 12. Qb3 Qxb3 13. axb3 Be7 14. dxc5 Bxc5 15. b4 Bb6 16. Bd6 Rd8 17. Bc5 Bxc5 18. bxc5 Nd7 19. b4 a6 20. Rfb1 0-0 21. Nd4 Na7 22. c4 Rc8 23. cxd5 exd5 24. Nf5 Nc6 25. Nf3 Rc7 26. N3d4 1/2-1/2

[Event "Bayern-chI Bank Hofmann 4th"]
[Site "Bad Wiessee"]
[Date "2000.10.29"]
[Round "2"]
[White "Koscielski, Janusch"]
[Black "Muehlbach, Peter"]
[Result "1-0"]
[WhiteElo "2359"]
[BlackElo "2141"]
[PlyCount "111"]
[EventDate "2000.10.28"]
[EventType "swiss"]
[EventRounds "9"]
[EventCountry "GER"]
[SourceTitle "EXT 2003"]
[Source "ChessBase"]
[SourceDate "2002.11.25"]
[SourceVersion "1"]
[SourceVersionDate "2002.11.25"]
[SourceQuality "1"]

1. e4 e5 2. Nf3 Nc6 3. d4 exd4 4. Nxd4 Bc5 5. Nxc6 Qf6 6. Qd2 bxc6 7. Nc3 Ne7 8. Bd3 d6 9. 0-0 0-0 10. e5 Qe6 11. exd6 Bxd6 12. Re1 Qd7 13. Ne4 Ng6 14. Qg5 Qd8 15. Qh5 Qh4 16. Qxh4 Nxh4 17. Nxd6 cxd6 18. Bf4 Nf5 19. c4 d5 20. cxd5 cxd5 21. Re5 Nh4 22. Rxd5 Ng6 23. Be3 Bb7 24. Rd7 Ne5 25. Rxb7 Nxd3 26. Rd1 Rfd8 27. Kf1 a5 28. Ke2 Nb4 29. Rxd8+ Rxd8 30. a3 Nc6 31. Rc7 Ne5 32. Ra7 Nc4 33. b3 Nxa3 34. Rxa5 Nc2 35. Ra4 Nxe3 36. Kxe3 g6 37. Rb4 Kg7 38. Rb7 Kf6 39. b4 Rd1 40. h4 h5 41. Rb6+ Ke7 42. g3 Rb1 43. Kf4 Rf1 44. Ke3 Rb1 45. Rb8 Kd7 46. b5 Rb2 47. b6 Rb3+ 48. Ke4 Rb2 49. f3 Rb3 50. Kf4 Rb4+ 51. Kg5 Rb5+ 52. Kf6 Kc6 53. b7 Rb3 54. Rf8 Rxb7 55. Kg7 Rb1 56. Rxf7 1-0

[Event "Seefeld op 11th"]
[Site "Seefeld"]
[Date "2000.09.16"]
[Round "1"]
[White "Vasic, Miroslav"]
[Black "Muehlbach, Peter"]
[Result "0-1"]
[WhiteElo "1690"]
[BlackElo "2141"]
[PlyCount "92"]
[EventDate "2000.09.16"]
[EventType "swiss"]
[EventRounds "9"]
[EventCountry "AUT"]
[SourceTitle "EXT 2001"]
[Source "ChessBase"]
[SourceDate "2000.11.22"]
[SourceVersion "1"]
[SourceVersionDate "2000.11.22"]
[SourceQuality "1"]

1. e4 e5 2. Nf3 Nc6 3. Bb5 a6 4. Bxc6 dxc6 5. c3 Qd3 6. Nxe5 Qxe4+ 7. Qe2 Qxe2+ 8. Kxe2 f6 9. Nf3 Bg4 10. h3 Bh5 11. g4 Bf7 12. Re1 0-0-0 13. d4 h5 14. g5 Bc4+ 15. Kd1 c5 16. Be3 Be6 17. h4 Bg4 18. Nbd2 cxd4 19. Bxd4 c5 20. Kc2 cxd4 21. Nxd4 Bc5 22. f3 Bxd4 23. fxg4 Bf2 24. Re4 hxg4 25. Rxg4 Rxh4 26. Rxh4 Bxh4 27. gxf6 Bxf6 28. Rg1 Ne7 29. Ne4 Nd5 30. Rg6 Ne7 31. Rg4 Nc6 32. Rf4 Rf8 33. a3 Be7 34. Rg4 g5 35. Rg3 Rg8 36. Kd3 Kd7 37. c4 g4 38. b4 Ke6 39. Ke3 Ne5 40. Kd4 Rd8+ 41. Kc3 Rc8 42. c5 Rf8 43. Nd2 Bh4 44. Rg2 Be1 45. Kc2 Rf2 46. Rxf2 Bxf2 0-1

[Event "Budapest FS03 IM-A"]
[Site "Budapest"]
[Date "2000.03.15"]
[Round "10"]
[White "Muehlbach, Peter"]
[Black "Rajlich, Vasik G"]
[Result "0-1"]
[WhiteElo "2172"]
[BlackElo "2309"]
[PlyCount "80"]
[EventDate "2000.03.05"]
[EventType "tourn"]
[EventRounds "10"]
[EventCountry "HUN"]
[EventCategory "2"]
[SourceTitle "CBM 075 Extra"]
[Source "ChessBase"]
[SourceDate "2000.05.11"]
[SourceVersion "2"]
[SourceVersionDate "2000.05.11"]
[SourceQuality "1"]

1. c4 Nf6 2. g3 g6 3. Bg2 Bg7 4. Nc3 0-0 5. e4 d6 6. d4 Nc6 7. Nf3 Bg4 8. h3 Bxf3 9. Bxf3 e5 10. d5 Nd4 11. Bg2 c5 12. dxc6 bxc6 13. 0-0 Rb8 14. Rb1 a5 15. Be3 Nd7 16. b3 Nc5 17. Ne2 Nce6 18. f4 Nxe2+ 19. Qxe2 exf4 20. gxf4 Bd4 21. Rbd1 c5 22. f5 Qg5 23. Rd3 Bxe3+ 24. Qxe3 Qxe3+ 25. Rxe3 Nd4 26. fxg6 fxg6 27. Rxf8+ Kxf8 28. h4 Kg7 29. Kh2 Rf8 30. Kg3 Kf6 31. Re1 Ke5 32. Re3 h6 33. Bh3 Rf4 34. Bg2 h5 35. Re1 Rg4+ 36. Kh3 Ne6 37. Bf3 Nf4+ 38. Kh2 Rxh4+ 39. Kg1 Rh3 40. Bh1 Rc3 0-1

[Event "Budapest FS03 IM-A"]
[Site "Budapest"]
[Date "2000.03.09"]
[Round "4"]
[White "Muehlbach, Peter"]
[Black "Gara, Ticia"]
[Result "0-1"]
[WhiteElo "2172"]
[BlackElo "2299"]
[PlyCount "46"]
[EventDate "2000.03.05"]
[EventType "tourn"]
[EventRounds "10"]
[EventCountry "HUN"]
[EventCategory "2"]
[SourceTitle "CBM 075 Extra"]
[Source "ChessBase"]
[SourceDate "2000.05.11"]
[SourceVersion "2"]
[SourceVersionDate "2000.05.11"]
[SourceQuality "1"]

1. Nf3 g6 2. c4 Bg7 3. g3 e5 4. Nc3 f5 5. d3 d6 6. Bg2 Nf6 7. Bd2 0-0 8. Qc1 Nc6 9. Bg5 Be6 10. 0-0 Qd7 11. b4 e4 12. b5 Ne5 13. Nxe5 dxe5 14. dxe4 Bxc4 15. Rd1 Qe6 16. exf5 gxf5 17. Bxf6 Qxf6 18. Bd5+ Bxd5 19. Nxd5 Qh6 20. Qxh6 Bxh6 21. Nxc7 Rac8 22. Rd7 Rf7 23. Rad1 Rxc7 0-1

[Event "Bayern-chI Bank Hofmann 3rd"]
[Site "Bad Wiessee"]
[Date "1999.10.30"]
[Round "8"]
[White "Muehlbach, Peter"]
[Black "Richtmann, Peter"]
[Result "1-0"]
[WhiteElo "2198"]
[BlackElo "2012"]
[PlyCount "77"]
[EventDate "1999.10.23"]
[EventType "swiss"]
[EventRounds "9"]
[EventCountry "GER"]
[SourceTitle "EXT 2001"]
[Source "ChessBase"]
[SourceDate "2000.11.22"]
[SourceVersion "1"]
[SourceVersionDate "2000.11.22"]
[SourceQuality "1"]

1. c4 e6 2. Nc3 d5 3. d4 Nf6 4. cxd5 exd5 5. Bg5 Be7 6. e3 0-0 7. Bd3 c6 8. Qc2 Nbd7 9. Nge2 Re8 10. 0-0 Nf8 11. f3 Nh5 12. Bxe7 Rxe7 13. e4 Ng6 14. Rae1 Nhf4 15. Nxf4 Nxf4 16. exd5 Nxd3 17. Qxd3 cxd5 18. Rxe7 Qxe7 19. Nxd5 Qd6 20. Nc3 Be6 21. Rd1 Rd8 22. Qe4 Qb6 23. Rd2 g6 24. Qe5 Qd6 25. Qxd6 Rxd6 26. d5 Kf8 27. Kf2 f5 28. Ke3 Bg8 29. Kf4 a6 30. Ke5 Ke7 31. a3 Bf7 32. h4 Be8 33. Ne2 Rb6 34. Nc3 Rb3 35. d6+ Kd8 36. Kf6 b5 37. Nd5 Bc6 38. Nb4 Bb7 39. Nd3 1-0

[Event "Bayern-chI Bank Hofmann 3rd"]
[Site "Bad Wiessee"]
[Date "1999.10.29"]
[Round "7"]
[White "Popov, Alexander"]
[Black "Muehlbach, Peter"]
[Result "1-0"]
[WhiteElo "2153"]
[BlackElo "2198"]
[PlyCount "55"]
[EventDate "1999.10.23"]
[EventType "swiss"]
[EventRounds "9"]
[EventCountry "GER"]
[SourceTitle "EXT 2001"]
[Source "ChessBase"]
[SourceDate "2000.11.22"]
[SourceVersion "1"]
[SourceVersionDate "2000.11.22"]
[SourceQuality "1"]

1. e4 e5 2. f4 exf4 3. Nf3 Nf6 4. e5 Nh5 5. d4 d6 6. Bc4 d5 7. Bb3 Be7 8. 0-0 g5 9. Nc3 g4 10. Bxd5 c6 11. Bb3 gxf3 12. Qxf3 Qxd4+ 13. Kh1 Qxe5 14. Bd2 Rg8 15. Rae1 Qg7 16. Qe2 Be6 17. Bxe6 fxe6 18. Qxh5+ Qg6 19. Qh3 Qg4 20. Qxg4 Rxg4 21. Rxe6 Kd7 22. Rh6 Na6 23. Bxf4 Rag8 24. Rxh7 Nb4 25. Rd1+ Ke8 26. Re1 R4g7 27. Rxg7 Rxg7 28. Re2 1-0

[Event "Bayern-chI Bank Hofmann 3rd"]
[Site "Bad Wiessee"]
[Date "1999.10.24"]
[Round "2"]
[White "Muehlbach, Peter"]
[Black "Baburin, Alexander"]
[Result "0-1"]
[WhiteElo "2198"]
[BlackElo "2593"]
[PlyCount "50"]
[EventDate "1999.10.23"]
[EventType "swiss"]
[EventRounds "9"]
[EventCountry "GER"]
[SourceTitle "EXT 2001"]
[Source "ChessBase"]
[SourceDate "2000.11.22"]
[SourceVersion "1"]
[SourceVersionDate "2000.11.22"]
[SourceQuality "1"]

1. d4 d5 2. c4 dxc4 3. Nf3 a6 4. e3 e6 5. Bxc4 c5 6. a4 Nf6 7. 0-0 Nc6 8. Qe2 Qc7 9. Nc3 Bd6 10. h3 0-0 11. Rd1 b6 12. Bd2 Bb7 13. Rac1 Rfe8 14. dxc5 Bxc5 15. Ba2 Rad8 16. e4 Nh5 17. e5 Ng3 18. Qe1 Nb4 19. Nb5 axb5 20. Bxb4 Bxf3 21. gxf3 Rxd1 22. Qxd1 Qxe5 23. Bc3 Ne2+ 24. Kf1 Qh2 25. Be1 Nf4 0-1

[Event "Budapest FS10 IM"]
[Site "Budapest"]
[Date "1999.10.12"]
[Round "11"]
[White "Muehlbach, Peter"]
[Black "Friedrichs, Klaus"]
[Result "0-1"]
[WhiteElo "2198"]
[BlackElo "2148"]
[PlyCount "64"]
[EventDate "1999.10.02"]
[EventType "tourn"]
[EventRounds "11"]
[EventCountry "HUN"]
[EventCategory "2"]
[SourceTitle "EXT 2000"]
[Source "ChessBase"]
[SourceDate "1999.11.16"]
[SourceVersion "1"]
[SourceVersionDate "1999.11.16"]
[SourceQuality "1"]

1. c4 c5 2. Nc3 g6 3. g3 Bg7 4. Bg2 Nc6 5. d3 d6 6. e4 e6 7. Nge2 Nge7 8. a3 Qd7 9. Rb1 b6 10. 0-0 Bb7 11. b4 0-0 12. Be3 Nd4 13. Qd2 Nec6 14. f4 f5 15. Bf2 Kh8 16. Nxd4 Nxd4 17. Ne2 Rae8 18. Nxd4 cxd4 19. Kh1 e5 20. fxe5 dxe5 21. Qe2 Qc8 22. Bg1 Re7 23. Rbc1 Ref7 24. c5 Rc7 25. Qb2 bxc5 26. Rxc5 Rxc5 27. bxc5 fxe4 28. Rc1 Bh6 29. Rc2 exd3 30. Bxb7 dxc2 31. Bxc8 c1Q 32. Qxc1 Bxc1 0-1

[Event "Budapest FS10 IM"]
[Site "Budapest"]
[Date "1999.10.10"]
[Round "9"]
[White "Muehlbach, Peter"]
[Black "Jakab, Attila"]
[Result "0-1"]
[WhiteElo "2198"]
[BlackElo "2328"]
[PlyCount "104"]
[EventDate "1999.10.02"]
[EventType "tourn"]
[EventRounds "11"]
[EventCountry "HUN"]
[EventCategory "2"]
[SourceTitle "EXT 2000"]
[Source "ChessBase"]
[SourceDate "1999.11.16"]
[SourceVersion "1"]
[SourceVersionDate "1999.11.16"]
[SourceQuality "1"]

1. e4 e6 2. d4 d5 3. Nd2 Nf6 4. e5 Nfd7 5. Bd3 c5 6. c3 Nc6 7. Ne2 cxd4 8. cxd4 f6 9. exf6 Nxf6 10. Nf3 Bd6 11. 0-0 0-0 12. Bf4 Bxf4 13. Nxf4 Ne4 14. Nh5 g6 15. Ng3 Ng5 16. Ne5 Nf7 17. Nxc6 bxc6 18. Qc2 Qf6 19. Ne2 e5 20. dxe5 Nxe5 21. Nd4 Rb8 22. Rad1 Nxd3 23. Rxd3 Ba6 24. b3 c5 25. Nf3 Qf5 26. Rd2 Qxc2 27. Rxc2 Bxf1 28. Kxf1 c4 29. bxc4 Rfe8 30. g3 Rb1+ 31. Kg2 dxc4 32. Nd4 Rc8 33. Kf3 c3 34. Ke3 Rd8 35. h4 a5 36. a3 a4 37. Nc6 Rd6 38. Nd4 Kf7 39. f4 h5 40. Nf3 Rb2 41. Ng5+ Kg7 42. Rxc3 Rb3 43. Ne4 Re6 44. Rd3 Rc6 45. Kd2 Rxd3+ 46. Kxd3 Rc1 47. Nc3 Rg1 48. Kc4 Rxg3 49. Kb4 Rf3 50. Nxa4 Rxf4+ 51. Kb5 Rxa4 52. Kxa4 g5 0-1

[Event "Budapest FS10 IM"]
[Site "Budapest"]
[Date "1999.10.05"]
[Round "4"]
[White "Eperjesi, Laszlo"]
[Black "Muehlbach, Peter"]
[Result "1-0"]
[WhiteElo "2381"]
[BlackElo "2198"]
[PlyCount "72"]
[EventDate "1999.10.02"]
[EventType "tourn"]
[EventRounds "11"]
[EventCountry "HUN"]
[EventCategory "2"]
[SourceTitle "EXT 2000"]
[Source "ChessBase"]
[SourceDate "1999.11.16"]
[SourceVersion "1"]
[SourceVersionDate "1999.11.16"]
[SourceQuality "1"]

1. d4 f5 2. g3 Nf6 3. Bg2 e6 4. Nf3 Be7 5. 0-0 0-0 6. c4 d5 7. Nbd2 b6 8. Qc2 c6 9. Ne5 Bb7 10. Ndf3 Ne4 11. Be3 Na6 12. Rfd1 Qe8 13. Rac1 Rc8 14. Nd3 c5 15. dxc5 Naxc5 16. cxd5 Nxd3 17. Qxd3 exd5 18. Bd4 Bd6 19. e3 Qe7 20. Nd2 Bb4 21. Nf1 Rcd8 22. a3 Bd6 23. b4 Bb8 24. Rc2 Qe8 25. Rdc1 Rf7 26. Qb3 Ba6 27. f3 Ng5 28. a4 Ne6 29. Ba1 Bb7 30. Rd1 Rfd7 31. Rcd2 Qf7 32. f4 Nf8 33. Rd3 Ng6 34. e4 fxe4 35. Bxe4 Ne7 36. Ne3 Qe6 1-0

[Event "Seefeld op 10th"]
[Site "Seefeld"]
[Date "1999.09.12"]
[Round "2"]
[White "Muehlbach, Peter"]
[Black "Martinovic, Slobodan"]
[Result "1/2-1/2"]
[WhiteElo "2198"]
[BlackElo "2445"]
[PlyCount "64"]
[EventDate "1999.09.11"]
[EventType "swiss"]
[EventRounds "9"]
[EventCountry "AUT"]
[SourceTitle "EXT 2001"]
[Source "ChessBase"]
[SourceDate "2000.11.22"]
[SourceVersion "1"]
[SourceVersionDate "2000.11.22"]
[SourceQuality "1"]

1. c4 Nf6 2. Nc3 g6 3. g3 Bg7 4. Bg2 0-0 5. e4 c5 6. Nge2 Nc6 7. 0-0 Ne8 8. d3 Nc7 9. a3 d6 10. h3 Bd7 11. Rb1 a5 12. Be3 Ne6 13. Nb5 a4 14. f4 Nc7 15. Nxc7 Qxc7 16. g4 Na5 17. Nc3 Nb3 18. Nd5 Qd8 19. f5 Bc6 20. Qe1 Bxd5 21. exd5 Qa5 22. Qe2 Rae8 23. Rbe1 b5 24. Kh1 Nd4 25. Qf2 bxc4 26. dxc4 Qa6 27. Rc1 Rb8 28. Qh4 Bf6 29. Bg5 Bxg5 30. Qxg5 Rxb2 31. fxg6 hxg6 32. Be4 Qc8 1/2-1/2